| 000 | 00375nam a2200145Ia 4500 | ||
|---|---|---|---|
| 008 | 211109s9999||||xx |||||||||||||| ||und|| | ||
| 082 |
_a570 _bJOH-N |
||
| 100 | _aJohnson, M L | ||
| 245 | 0 | _aNew Biology | |
| 260 |
_bPenguin Booksmacmillan & Co Ltd _aLondon _c1948 |
||
| 300 | _a130p. | ||
| 630 | _xGeneral Stack | ||
| 650 |
_aLife Sciences _vBiology _xZoology |
||
| 942 | _cBOOK | ||
| 999 |
_c15006 _d15006 |
||